<?xml version="1.0" encoding="UTF-8"?><?xml-stylesheet type="text/xsl" href="static/style.xsl"?><OAI-PMH xmlns="http://www.openarchives.org/OAI/2.0/" xmlns:xsi="http://www.w3.org/2001/XMLSchema-instance" xsi:schemaLocation="http://www.openarchives.org/OAI/2.0/ http://www.openarchives.org/OAI/2.0/OAI-PMH.xsd"><responseDate>2026-04-27T13:07:54Z</responseDate><request verb="GetRecord" identifier="oai:uvadoc.uva.es:10324/37014" metadataPrefix="marc">https://uvadoc.uva.es/oai/request</request><GetRecord><record><header><identifier>oai:uvadoc.uva.es:10324/37014</identifier><datestamp>2025-03-26T19:10:04Z</datestamp><setSpec>com_10324_1186</setSpec><setSpec>com_10324_931</setSpec><setSpec>com_10324_894</setSpec><setSpec>com_10324_28542</setSpec><setSpec>com_10324_952</setSpec><setSpec>col_10324_1404</setSpec><setSpec>col_10324_28543</setSpec></header><metadata><record xmlns="http://www.loc.gov/MARC21/slim" xmlns:doc="http://www.lyncode.com/xoai" xmlns:xsi="http://www.w3.org/2001/XMLSchema-instance" xmlns:dcterms="http://purl.org/dc/terms/" xsi:schemaLocation="http://www.loc.gov/MARC21/slim http://www.loc.gov/standards/marcxml/schema/MARC21slim.xsd">
<leader>00925njm 22002777a 4500</leader>
<datafield tag="042" ind1=" " ind2=" ">
<subfield code="a">dc</subfield>
</datafield>
<datafield tag="720" ind1=" " ind2=" ">
<subfield code="a">Pérez Iglesias, María</subfield>
<subfield code="e">author</subfield>
</datafield>
<datafield tag="720" ind1=" " ind2=" ">
<subfield code="a">Lozano Lavilla, Olmo</subfield>
<subfield code="e">author</subfield>
</datafield>
<datafield tag="720" ind1=" " ind2=" ">
<subfield code="a">Casares González, Juan Ángel</subfield>
<subfield code="e">author</subfield>
</datafield>
<datafield tag="260" ind1=" " ind2=" ">
<subfield code="c">2019</subfield>
</datafield>
<datafield tag="520" ind1=" " ind2=" ">
<subfield code="a">The copper compound [Cu(C6Cl2F3)(tht)]4 (1) (tht: tetrahydrothiophene)&#xd;
is an excellent catalyst for the trans- to cis- isomerization of&#xd;
complexes [PdAr2(tht)2](Ar: fluoroaryl) and also for the exchange of aryls&#xd;
between those palladium complexes. Herein, we also communicate the synthesis&#xd;
and characterization of 1, and some of its derivatives. The x-ray structure&#xd;
of 1 shows a linear chain of copper atoms, supported by fluoroaryl rings.&#xd;
The NMR 19F-DOSY study indicates that this structure is preserved in solution&#xd;
although in equilibrium with other species.</subfield>
</datafield>
<datafield tag="024" ind2=" " ind1="8">
<subfield code="a">Organometallics, 2019, vol. 38, n. 4. p. 739-742</subfield>
</datafield>
<datafield tag="024" ind2=" " ind1="8">
<subfield code="a">0276-7333</subfield>
</datafield>
<datafield tag="024" ind2=" " ind1="8">
<subfield code="a">http://uvadoc.uva.es/handle/10324/37014</subfield>
</datafield>
<datafield tag="024" ind2=" " ind1="8">
<subfield code="a">10.1021/acs.organomet.8b00885</subfield>
</datafield>
<datafield tag="245" ind1="0" ind2="0">
<subfield code="a">[Cu(C6Cl2F3)(tht)]4: An Extremely Efficient Catalyst for the Aryl Scrambling between Palladium Complexes</subfield>
</datafield>
</record></metadata></record></GetRecord></OAI-PMH>